Vila termal de Caldes de Montbui, coneix-la!
Descripción Física:
[21] p. : il. col. ; 20 cm
MARC
| LEADER | 00000nam a2200000Ia 4500 | ||
|---|---|---|---|
| 001 | 14998 | ||
| 008 | 160829s9999 xx 000 0 cat d | ||
| 080 | |a FU-33-2 | ||
| 245 | |a Vila termal de Caldes de Montbui, coneix-la! | ||
| 260 | |a [Caldes Montbui] : |b Ajuntament de Caldes Montbui, Regidoria de Turisme, [200 - ?] | ||
| 300 | |a [21] p. : |b il. col. ; |c 20 cm | ||
| 650 | 0 | |a Balnearis |z Caldes de Montbui (Catalunya) |9 43773 | |
| 650 | |a Caldes de Montbui |x Guies |9 38850 | ||
| 710 | 1 | |a Caldes de Montbui (Catalunya). |b Ajuntament |9 53534 | |
| 901 | |a Arxiu | ||
| 942 | |n 1 | ||
| 952 | |0 0 |1 0 |4 0 |6 FU332 |7 1 |9 45313 |a Arxiu |b Arxiu |d 2016-12-01 |l 0 |o FU-33-2 |p 14998 |r 2016-12-01 00:00:00 |w 2016-12-01 |y ARXIU | ||
| 952 | |0 0 |1 0 |4 0 |6 E00878 |7 0 |8 Digital |9 58264 |a TURISME |b TURISME |d 2017-06-03 |l 0 |o E.00878 |p TURISME17060123 |r 2017-06-03 00:00:00 |u http://bibliotecageneral.diba.cat/cgi-bin/koha/opac-retrieve-file.pl?id=3fb50482001a529bbc27fec258e63185 |w 2017-06-03 |y DE |z FU-33-2 (còpia digital) | ||
| 999 | |c 48387 |d 48387 | ||
| 651 | 0 | |a Barcelona (Catalunya : Província) |9 50918 | |